000 00656nam a2200241 i 4500
001 C2-0298368
003 PPAK
005 20180728080442.0
008 090603s2004 cc a|||| ||||| | chi d
020 _a9576799260
040 _aPPAK
_beng
_cPPAK
_erda
082 0 4 _a302
_223
090 0 0 _a302
_bWUR
_dG
100 1 _aWu, Ruo Quan,
_eauthor
245 1 0 _aAi de geng jian dan
264 1 _aTaipei, Taiwan :
_bFang zhi chu ban she ,
_c2004
300 _a227 pages :
_billustrations ;
_c21 cm
336 _2rdacontent
_atext
337 _2rdamedia
_aunmediated
338 _2rdacarrier
_avolume
650 1 0 _aInterpersonal relations
942 _ddc
_cB
999 _c102671
_d102671